000
00212 a2200097 4500
001
42624
100
_a
Droclie
245
_a
Strategy in the missile age
260
_a
London
_b
Princeton
_c
090
_c
26520
_d
26520
942
_a
NUST-CAE
_c
M
_c
18359
999
_c
277697
_d
277697